Random Indonesian Islands (Easy Version) - Statistics

General Stats
  • This quiz has been taken 30 times
  • The average score is 8 of 10
Answers on the Map
Answers color-coded by a green-red scale on the quiz's map according to % correct below.
 
Answer Stats
Island % Correct
Borneo
100%
Java
100%
New Guinea
96%
Sulawesi
96%
Sumatra
96%
Bali
89%
Timor
79%
Lombok
64%
Belitung
39%
Flores
39%
No matching quizzes found
Score Distribution
Percent of People with Each Score
Percentile by Number Answered
Your Score History
You have not taken this quiz